00599nam a2200181 a 4500001001000000005001700010008004100027020001500068040001300083050002400096245003600120260006500156300004200221500003400263504003100297600004300328650004600371BRCA_154220190320203451.0010622s1999 mx-a---##b---f000-0#spa-# a9687279362 aDLCcDLC 4aND259.R5b.A78 199910aDiego RiverabArt & Revolution. aMéxicobCONACULTA : INBA : [Cleveland Museum of art]c1999 a421 p.bil. (algunas a color)c31 cm. aIncluye índice de láminas aBibliografía: p. 399-40114aRivera, Diegod1886-1957vExposiciones14aArtistas mexicanosvCatálogosxPintores